| 000 | 01028cam a22003137a 4500 | ||
|---|---|---|---|
| 003 | CHAP | ||
| 005 | 20220329133529.0 | ||
| 008 | 971013s1992 r 00010 d | ||
| 010 | _a7487 | ||
| 011 | _a8459 | ||
| 035 | _a7688 | ||
| 040 | _cCHAP | ||
| 082 |
_a633.3 _bH4 |
||
| 100 | 0 | 0 |
_aHedley, C.L. _eed. _953299 |
| 245 | 0 |
_aCarbohydrates in grain legume seeds : _bimproving nutritional quality and agronomic characteristics _c/ed. by C.L. Hedley |
|
| 260 |
_aWallingford : _bCAB International, _c2001. |
||
| 300 | _a322 p. | ||
| 590 |
_aBATCH-UPD _b10 _c20130110 _lUCH01 _h1633 |
||
| 590 |
_aBATCH-UPD _b10 _c20130410 _lUCH01 _h1025 |
||
| 590 |
_aBATCH-UPD _b10 _c20130914 _lUCH01 _h0843 |
||
| 590 |
_aCONVERSION _b10 _c20130109 _lUCH01 _h1305 |
||
| 650 | 1 | 4 |
_aCarbohidratos. _918810 |
| 650 | 1 | 4 |
_aLeguminosas _xSemilla. _965851 |
| 650 | 1 | 4 |
_aPlantas transgénicas. _989087 |
| 901 | _aBK | ||
| 905 | _aAlejandra Carrasco M. | ||
| 942 | _cLIBRO | ||
| 949 |
_a633.3 H4 _bBC _cLIBRO _d33724000862330 _eLIBRO _h102232 _i7688 _si _t$ 1 100.00 |
||
| 999 |
_c7487 _d7487 |
||